[Event "Pilzno Omega Cup 5th"]
[Site "Pilzno"]
[Date "2009.05.02"]
[Round "6.7"]
[White "Zadlo, Maciej"]
[Black "Podolski, Marcin"]
[Result "0-1"]
[WhiteElo "1667"]
[BlackElo "1770"]
[PlyCount "110"]
[EventDate "2009.04.30"]
[EventType "swiss"]
[EventRounds "7"]
[EventCountry "POL"]
[SourceTitle "EXT 2023"]
[Source "ChessBase"]
[SourceDate "2022.10.05"]
[SourceVersion "1"]
[SourceVersionDate "2022.10.05"]
[SourceQuality "1"]

1. e4 c6 2. d4 d5 3. exd5 cxd5 4. c4 Nf6 5. Nc3 Nc6 6. Nf3 Bg4 7. Bg5 Bxf3 8. Qxf3 Nxd4 9. Qd1 dxc4 10. Bxf6 exf6 11. Bxc4 Be7 12. Bd5 Nc6 13. Qb3 0-0 14. Qxb7 Nb4 15. Qxa8 Nc2+ 16. Kd2 Qb6 17. Qc6 Qxf2+ 18. Ne2 Nxa1 19. Qc4 Rd8 20. Kc1 Qf5 21. Bxf7+ Kf8 22. Be6 Qg6 23. Nf4 Qg5 24. Bg8 Ke8 25. Kb1 Qg4 26. Qf7+ Kd7 27. Qe6+ Qxe6 28. Bxe6+ Kd6 29. Kxa1 g5 30. Re1 gxf4 31. Bf5 h6 32. Re6+ Kc5 33. Rxe7 Rd2 34. Be4 Re2 35. b4+ Kd4 36. a4 Rxe4 37. Rxe4+ Kxe4 38. b5 Kd4 39. Kb2 Kc4 40. Ka3 h5 41. h4 f5 42. a5 Kxb5 43. Kb3 Kxa5 44. Kc4 Kb6 45. Kd5 a5 46. Ke5 a4 47. Kxf5 a3 48. Kxf4 a2 49. Kg5 a1Q 50. Kxh5 Kc6 51. Kg6 Kd6 52. h5 Ke6 53. h6 Qg1 54. h7 Qxg2+ 55. Kh6 Qb2 0-1